| 000 | 01431cam a22003614a 4500 | ||
|---|---|---|---|
| 001 | 12014229 | ||
| 003 | OSt | ||
| 005 | 20251006112734.0 | ||
| 008 | 000519s2000 nyua b 001 0 eng | ||
| 010 | _a 00042256 | ||
| 020 |
_a047133233X _qcloth : alk. paper |
||
| 035 | _a12014229 | ||
| 040 |
_aDLC _cmust _dDLC |
||
| 042 | _apcc | ||
| 050 | 0 | 0 |
_aQA300 _b.M275 2000 |
| 082 | 0 | 0 |
_a515 _221 |
| 100 | 1 |
_aMcGehee, O. Carruth. _919401 |
|
| 245 | 1 | 3 |
_aAn introduction to complex analysis / _cO. Carruth McGehee. |
| 260 |
_aNew York : _bJohn Wiley, _cc2000. |
||
| 300 |
_axxiii, 425 p. : _bill. ; _c25 cm. |
||
| 336 |
_atext _btxt _2rdacontent |
||
| 337 |
_aunmediated _bn _2rdamedia |
||
| 338 |
_avolume _bnc _2rdacarrier |
||
| 504 | _aIncludes bibliographical references (p. 413-417) and index. | ||
| 650 | 0 |
_aMathematical analysis. _92757 |
|
| 650 | 0 |
_aFunctions of complex variables. _91060 |
|
| 856 | 4 | 2 |
_3Publisher description _uhttp://www.loc.gov/catdir/description/wiley034/00042256.html |
| 856 | 4 |
_3Table of Contents _uhttp://www.loc.gov/catdir/toc/onix05/00042256.html |
|
| 906 |
_a7 _bcbc _corignew _d1 _eocip _f20 _gy-gencatlg |
||
| 942 |
_2z _cB_BANK |
||
| 999 |
_c9530 _d9530 |
||